000
00310nam a2200157Ia 4500
100
_a
Dyer/Russell J.T
650
_a
Mysql
942
_c
BK
366
_f
20
245
_a
Learning MySQL and MariaDB
260
_b
Shroff
_c
2015
082
_a
5.133
_b
DYE
300
_a
381
546
_a
ENGLISH
999
_c
32659
_d
32659